<?xml version="1.0" encoding="UTF-8"?><?xml-stylesheet type="text/xsl" href="static/style.xsl"?><OAI-PMH xmlns="http://www.openarchives.org/OAI/2.0/" xmlns:xsi="http://www.w3.org/2001/XMLSchema-instance" xsi:schemaLocation="http://www.openarchives.org/OAI/2.0/ http://www.openarchives.org/OAI/2.0/OAI-PMH.xsd"><responseDate>2026-06-06T01:43:07Z</responseDate><request verb="GetRecord" identifier="oai:riuma.uma.es:10630/19024" metadataPrefix="marc">https://riuma.uma.es/rest/oai/request</request><GetRecord><record><header><identifier>oai:riuma.uma.es:10630/19024</identifier><datestamp>2026-02-03T10:20:20Z</datestamp><setSpec>com_10630_1685</setSpec><setSpec>col_10630_38055</setSpec></header><metadata><record xmlns="http://www.loc.gov/MARC21/slim" xmlns:dcterms="http://purl.org/dc/terms/" xmlns:doc="http://www.lyncode.com/xoai" xmlns:xsi="http://www.w3.org/2001/XMLSchema-instance" xsi:schemaLocation="http://www.loc.gov/MARC21/slim http://www.loc.gov/standards/marcxml/schema/MARC21slim.xsd">
   <leader>00925njm 22002777a 4500</leader>
   <datafield ind2=" " ind1=" " tag="042">
      <subfield code="a">dc</subfield>
   </datafield>
   <datafield ind2=" " ind1=" " tag="720">
      <subfield code="a">Ramírez Mena, Alberto</subfield>
      <subfield code="e">author</subfield>
   </datafield>
   <datafield ind2=" " ind1=" " tag="260">
      <subfield code="c">2019-12-12</subfield>
   </datafield>
   <datafield ind2=" " ind1=" " tag="520">
      <subfield code="a">El objetivo del proyecto ha sido desarrollar un entorno visual para el análisis y prevención de delitos, con el fin de proveer a los agentes de seguridad del cuerpo nacional de policía de Málaga una herramienta visual e intuitiva que facilite las labores en la prevención del crimen en la provincia de Málaga y su capital, ya sea mediante la comparación de hechos ocurridos o como la predicción de futuros casos.&#xd;
Dicha heraamienta cuenta con mapas de calor, a través de los cuales se podrán contrastar los datos almacenados en la aplicación, así como distintos menús para filtrar los valores mostrados y realizar simulaciones de predicción y evolución. &#xd;
Para poder dar respuesta a los objetivos del proyecto se ha combinado HTML con JAVAscript, usando a su vez el framework AngularJS. Mientras que para generación y manipulación de los mapas se ha utilizado la librería D3, que permite generar distintos elementos visuales sobre lienzos svg.&#xd;
Este proyecto ha sido desarrollado por un grupo de tres estudiantes.</subfield>
   </datafield>
   <datafield ind1="8" ind2=" " tag="024">
      <subfield code="a">https://hdl.handle.net/10630/19024</subfield>
   </datafield>
   <datafield tag="653" ind2=" " ind1=" ">
      <subfield code="a">Proceso electrónico de datos</subfield>
   </datafield>
   <datafield tag="653" ind2=" " ind1=" ">
      <subfield code="a">Delincuencia - Proceso de datos</subfield>
   </datafield>
   <datafield tag="653" ind2=" " ind1=" ">
      <subfield code="a">Informática - Trabajos Fin de Grado</subfield>
   </datafield>
   <datafield tag="653" ind2=" " ind1=" ">
      <subfield code="a">Grado en Ingeniería del Software - Trabajos Fin de Grado</subfield>
   </datafield>
   <datafield ind2="0" ind1="0" tag="245">
      <subfield code="a">Plataforma para la prevención de delitos:entorno visual para el análisis y la prevención de delitos</subfield>
   </datafield>
</record>
</metadata></record></GetRecord></OAI-PMH>